|
|
|
|
| LEADER |
00000nam a2200000 i 4500 |
| 001 |
1/106087 |
| 008 |
000403s1998 eng d |
| 020 |
|
|
|a 0-8103-9884-2
|
| 035 |
|
|
|l 10059494
|
| 040 |
|
|
|a GR-MY-UA
|b gre
|e aacr
|
| 041 |
0 |
|
|a eng
|
| 082 |
0 |
|
|a Π 305.231
|
| 245 |
1 |
4 |
|a The Gale encyclopedia of childhood and adolescence /
|c Jerome Kagan executive editor ; Susan B. Gall managing editor
|
| 260 |
|
|
|a Detroit :
|b Gale,
|c 1998
|
| 300 |
|
|
|a 752 p.
|
| 650 |
0 |
0 |
|a Child development
|x Encyclopedias.
|
| 650 |
0 |
0 |
|a Child psychology
|x Encyclopedias.
|
| 650 |
0 |
0 |
|a Adolescence
|x Encyclopedias.
|
| 650 |
0 |
0 |
|a Adolescent psychology
|x Encyclopedias.
|
| 700 |
1 |
|
|a Kagan, Jerome.
|4 edt
|
| 700 |
1 |
|
|a Gall, Susan B.
|4 edt
|
| 852 |
|
|
|a INST
|b RHODES
|e 20000403
|h 305.231 GAL
|p 005400013376
|q 005400013376
|t REF
|y 23
|
| 901 |
|
|
|a BIBL4-2000-1
|
| 909 |
|
|
|a Ρ
|b 077344
|
| 922 |
|
|
|a 4ΕΛΗ
|b 200003
|c ΚΠΣ/154
|d GLORY BOOKS
|
| 970 |
|
|
|a ΚΟΥΛΑΚΙΟΤΗ
|b ΛΙΤΣΑ
|z 2000/04/03
|